Levitating - Dua Lipa (All Lyrics) - Statistics

General Stats
  • This quiz has been taken 2,841 times
  • The average score is 293 of 394
Answer Stats
Lyrics % Correct
I
100%
you
99%
You
99%
you,
99%
You,
99%
a
98%
me,
97%
me
97%
me.
97%
levitating.
94%
my
93%
My
93%
with
93%
I'm
89%
the
88%
The
88%
If
87%
if
87%
want
87%
baby.
86%
Baby,
86%
for
86%
can
85%
ride.
85%
take
85%
way
84%
Way.
84%
Way,
84%
in
83%
come
82%
dance
82%
need
82%
night,
82%
all
81%
And
81%
on,
81%
on
81%
wanna
81%
we
81%
We
81%
away
80%
go
80%
starlight.
80%
you're
80%
sugarboo,
78%
Yeah,
78%
yeah,
78%
yeah.
78%
galaxy.
77%
know
77%
run
77%
to,
77%
where
75%
moonlight,
74%
got
73%
eyes.
72%
like.
72%
like
72%
sky,
72%
Glitter
71%
glitter
71%
Milky
71%
do
70%
had
69%
We're
68%
we're
68%
stop
67%
stop.
67%
just
66%
don't
65%
feel
64%
music
64%
of
64%
that
64%
life.
62%
Shining
62%
time.
61%
time
61%
fell
57%
into
57%
at
56%
perfect
56%
feeling
54%
rhythm,
54%
company,
53%
little
51%
met
51%
renegading.
51%
bit
50%
it
48%
let
48%
let's
48%
premonition
46%
so
42%
fly
41%
tonight.
41%
love
37%
are.
36%
is
34%
our
34%
get
33%
off.
32%
can't
31%
see
31%
ever,
30%
ever
30%
stars.
30%
too
29%
now
27%
ass
26%
energy.
26%
electric,
24%
even
24%
far.
24%
never.
24%
us
24%
or
23%
wanted
23%
written
23%
blast
22%
Mars.
22%
together.
22%
But
21%
forever,
21%
forever
21%
rocket,
21%
let's
20%
lost
20%
believe
19%
every
19%
nothing's
19%
whatever,
16%
watch
14%
No matching quizzes found
Score Distribution
Percent of People with Each Score
Percentile by Number Answered
Your Score History
You have not taken this quiz